000
00252nam a2200097Ia 4500
001
687783
005
20250826161602.0
008
250824s9999 xx 000 0 und d
245
0
_a
ANNEANNEM ASKERE GİDİYOR
_c
MUZAFFER İZGÜ
260
_b
BİLGİ YAYINLARI
999
_c
687783
_d
687783